European Air Integration

Tento článok poskytuje prehľad o iniciatíve Európskej komisie “Jednotné európske nebo“. V reakcii na dramatický rast leteckej dopravy zaznamenaný v posledných dvoch desaťročiach, Európska komisia schválila dva balíky jednotného európskeho neba (SES) na vytvorenie legislatívneho rámca pre európske le...

Descripción completa

Guardado en:
Detalles Bibliográficos
Autor principal: Klenka, Michal
Formato: Capítulo de libro
Lenguaje:inglés
Materias:
Etiquetas: Agregar Etiqueta
Sin Etiquetas, Sea el primero en etiquetar este registro!

MARC

LEADER 00000nla a2200000 4500
001 0243828
005 20240502083653.1
041 0 |a eng 
044 |a CZ 
245 1 0 |a European Air Integration  |c Michal Klenka 
520 |a Tento článok poskytuje prehľad o iniciatíve Európskej komisie “Jednotné európske nebo“. V reakcii na dramatický rast leteckej dopravy zaznamenaný v posledných dvoch desaťročiach, Európska komisia schválila dva balíky jednotného európskeho neba (SES) na vytvorenie legislatívneho rámca pre európske letectvo. 
610 2 0 |a Európska únia 
610 2 0 |a politika medzinárodná 
610 2 0 |a priemysel letecký 
610 2 0 |a integrácia 
610 2 0 |a zákony spoločenské 
100 1 |a Klenka, Michal